| 000 | 00417pab a2200145 454500 | ||
|---|---|---|---|
| 008 | 180718b2003 xxu||||| |||| 00| 0 eng d | ||
| 100 | _aWisensale, Steven K. | ||
| 245 | _aTwo steps forward, one step back: the family and medical leave act as retgrenchment policy | ||
| 260 | _c2003 | ||
| 300 | _ap.135-51. | ||
| 362 | _aSpring | ||
| 650 | _aHealth services | ||
| 773 | _aReview of Policy Research | ||
| 909 | _a56810 | ||
| 999 |
_c56810 _d56810 |
||